| 000 | 01185cam a22003137i 4500 | ||
|---|---|---|---|
| 001 | 17601534 | ||
| 003 | ARRUPE | ||
| 005 | 20160926091858.0 | ||
| 008 | 130124s2013 ncuabo b 001 0 eng c | ||
| 010 | _a 2013003133 | ||
| 020 | _a9780822354048 (cloth : alk. paper) | ||
| 020 | _a9780822354208 (pbk. : alk. paper) | ||
| 040 |
_aNcD/DLC _beng _cNcD _erda |
||
| 042 | _apcc | ||
| 043 | _afs----- | ||
| 050 | 0 | 0 | _aS934.A356B87 2013 |
| 082 | 0 | 0 |
_a333.720968 _223 |
| 100 | 1 |
_aBüscher, Bram, _d1977- _926121 |
|
| 245 | 1 | 0 |
_aTransforming the frontier : _bpeace parks and the politics of neoliberal conservation in southern Africa / _cBram Büscher. |
| 260 |
_aDurham _bDuke University Press _c2013 |
||
| 300 |
_axviii, 290 p.; _billustrations, maps ; _c24 cm. |
||
| 650 | 0 |
_aTransfrontier conservation areas _zAfrica, Southern. _926122 |
|
| 650 | 0 |
_aBiodiversity conservation _zAfrica, Southern. _924968 |
|
| 650 | 0 |
_aEcotourism _zAfrica, Southern. _926123 |
|
| 650 | 0 |
_aNeoliberalism _zAfrica, Southern. _926124 |
|
| 906 |
_a7 _bcbc _corignew _d1 _eecip _f20 _gy-gencatlg |
||
| 942 |
_2lcc _cMONOGRAPH |
||
| 999 |
_c125325 _d125325 |
||